Italo Calvino: Keď cestujúci jednej zimnej noci-

Bibliographic Details
Main Author: Hruška, František, 1944- (Author)
Format: Article
Language:Slovak
Subjects:

MARC

LEADER 00000nab a2200000 a 4500
001 vtls008940499
003 SK-MaSNL
005 20260304140058.0
008 250505c2006 xo mr|p|||||||000 b|slo
015 |a SNBRB2007/01  |2 snkbucl 
035 |a (uuid)ad26d4ce-3a68-4598-9086-78d2b1795641 
035 |a urn:nbn:sk:snk-abc1bp 
035 |a (urnnbn)urn:nbn:sk:snk:ar-004fo0 
038 |a SNKBUCL 
040 |a SNKBUCL  |b slo  |c SNKBUCL  |e AACR2 
041 0 |a slo 
044 |a xo  |c SK 
080 |a 82.09:821.131.1-31  |x (048)  |2 1997 
080 |a 821.131.1-31  |x (048)  |2 1997 
100 1 |a Hruška, František,  |d 1944-  |4 aut  |9 105906 
245 1 0 |a Italo Calvino: Keď cestujúci jednej zimnej noci-  |c František Hruška 
650 0 7 |a spoločenské romány, talianske  |x recenzie  |2 snkbucl  |9 1041273 
655 7 |a recenzie  |2 snkbucl  |9 21907 
773 0 |t Revue svetovej literatúry  |g Roč. XLII, č. 4 (2006), s. 180-184 
787 0 8 |i Rec.:  |a Calvino, Italo, 1923-1985  |t Keď cestujúci jednej zimnej noci-  |d Bratislava : Petit Press, 2005  |z 8085585480 
850 |a Slovenská národná knižnica 
852 |a Slovenská národná knižnica 
958 |a article15 
958 |a OND 
958 |a LX 
958 |a IT 
958 |a RC 
958 |a EUIPO 
999 |c 2913482  |d 2915412